000 00690nam a22002177a 4500
003 UA-OsUOA
001 133237
007 ta
008 20181008b un ||||| |||| 00| 0 ukr d
100 _aЗаюков І.
090 _a330(477)
_bЗ-40
942 _cSA
040 _aUA-OsUOA
_bukr
_cUA-OsUOA
_dUA-OsUOA
245 _aВплив професійного стресу на умови праці та здоров'я зайнятого населення України
300 _aС.44
955 _a0
041 _aukr
080 _a330(477)
773 0 _w133231
_tУкраїна: аспекти праці
_dК.
_d2018
_g3
650 7 _a330 Економіка взагалі
_2UDC
999 _c421895
_d421895